Škola zručnosti Op. 299

Bibliographic Details
Main Author: Czerny, Carl, 1791-1857 (Author)
Format: Book
Language:Undetermined
PhysicalDescription:102 s.
Published: Bratislava Opus 1972

MARC

LEADER 00000nam a2200000 a 4500
001 vtls001395290
003 SK-MaSNL
005 20260301201819.0
008 240316s1972 xx 0 und
035 |a SNK000349643 
040 |a SNK  |b slo  |c SNK  |e AACR2 
100 1 |a Czerny, Carl,  |d 1791-1857  |4 aut  |9 109122 
245 1 |a Škola zručnosti Op. 299 
260 |a Bratislava  |b Opus  |c 1972 
300 |a 102 s. 
958 |a OND 
999 |c 896384  |d 898314 
952 |t P60, <04>, [BOOK], {604}  |a SNK  |b SNK  |y VYP  |7 0  |p 17A0250808  |o snkHSB 1337 D1  |0 0  |1 0  |4 0  |d 2000-09-04  |l 0  |r 2005-01-02 00:00:00  |w 2026-02-24